| 000 | 00889nas a2200289 4500 | ||
|---|---|---|---|
| 001 | BR9208786 | ||
| 003 | BR-BrBNA | ||
| 005 | 20231205093150.0 | ||
| 007 | ta | ||
| 008 | 230509b bl.|||p| |||| 00| 00por d | ||
| 040 |
_aBR-BrBNA _bpor _cBiblioteca Nacional de Agricultura |
||
| 041 | _a(Pt) | ||
| 072 | _aL72 | ||
| 100 | 1 | _aSilva, R.M.B. da | |
| 100 | 1 | _aSilva, E.C.A. da | |
| 100 | 1 | _aMoreti, A.C. de C.C. | |
| 100 | 1 | _aSchammass, E.A. | |
| 245 | 1 | _aMetodos de amostragem em colmeias africanizadas de Apis melifera L. infestadas pelo acaro Varroa Jacobsoni Oudemans, 1904 | |
| 650 | _aCOLMEIA | ||
| 650 | _aABELHA AFRICANA | ||
| 650 | _aINFESTACAO | ||
| 650 | _aPARASITO DE ANIMAL | ||
| 650 | _aACARO | ||
| 773 | 0 |
_tZootecnia (Brazil) _xISSN 0044-5320 _g(Oct-Dec 1985), v. 23(4) p. 315-322 _wBR9208786 |
|
| 909 |
_a202311 _bLúcia _c55 _dLúcia Elande |
||
| 942 |
_2AGRIS _n0 _cANA |
||
| 999 |
_c136580 _d136580 |
||